| 000 | 00364nam a2200145Ia 4500 | ||
|---|---|---|---|
| 008 | 230312s9999||||xx |||||||||||||| ||und|| | ||
| 020 | _a0-19-806365-2 | ||
| 082 |
_a791.4377 _bJET-C |
||
| 100 | _aJethwaney;Jaishri | ||
| 245 | 0 | _aCorporate Communication | |
| 260 |
_bOxford _aIndia _c2010 |
||
| 300 | _a432 | ||
| 650 |
_aMass com _vMass Communication |
||
| 942 | _cBK | ||
| 999 |
_c11490 _d11490 |
||